Chinese Province - Sudden Death - Statistics

General Stats
  • This quiz has been taken 950 times
  • The average score is 5 of 22
Answers on the Grid
Answers color-coded by a green-red scale on the quiz's grid according to % correct below.
Anhui
Beijing
Chengdu
Chongqing
Fujian
Gansu
Guangdong
Guangxi
Guiyang
Guizhou
Hainan
Hebei
Heilongjiang
Henan
Hong Kong
Hubei
Hunan
Inner Mongolia
Jiangsu
Jiangxi
Jilin
Liaoning
Macau
Ningxia
Qinghai
Shaanxi
Shandong
Shanghai
Shanxi
Sichuan
Tianjin
Tibet
Wuhan
Xinjiang
Yunnan
Zhejiang
 
Answer Stats
Answer % Correct
Anhui
83%
Guangdong
29%
Fujian
28%
Gansu
24%
Hubei
22%
Hainan
20%
Hebei
20%
Heilongjiang
20%
Henan
20%
Hunan
18%
Jiangsu
18%
Liaoning
17%
Guizhou
16%
Jiangxi
15%
Qinghai
15%
Shanxi
15%
Sichuan
15%
Yunnan
15%
Shaanxi
14%
Jilin
13%
Shandong
12%
Zhejiang
12%
No matching quizzes found
Score Distribution
Percent of People with Each Score
Percentile by Number Answered
Your Score History
You have not taken this quiz